Specifická příprava sluchově postižených studentů ke studiu na VŠ

Ostravská Univerzita organizuje vzdelávanie v oblasti aplikovanej informatiky v distančnej podobe. Toto štúdium je ponúkané aj študentom so sluchovým postihnutím. Ponuka prípravného kurzu ku štúdiu pre týchto študentov, podpora projektom Equal. Skúsenosti a názory študentov a spätná väzba.

Gespeichert in:
Bibliographische Detailangaben
1. Verfasser: Habiballa, Hashim
Weitere Verfasser: Habiballa, Lucie, Telnarová, Zdenka
Format: Buchkapitel
Sprache:Tschechisch
Schlagworte:
Tags: Tag hinzufügen
Keine Tags, Fügen Sie das erste Tag hinzu!

MARC

LEADER 00000naa$a2200000$$$4500
001 0065457
005 20231010124431.9
041 0 |a cze 
044 |a SK 
245 1 0 |a Specifická příprava sluchově postižených studentů ke studiu na VŠ  |c Hashim Habiballa, Lucie Habiballa, Zdenka Telnarová 
520 |a Ostravská Univerzita organizuje vzdelávanie v oblasti aplikovanej informatiky v distančnej podobe. Toto štúdium je ponúkané aj študentom so sluchovým postihnutím. Ponuka prípravného kurzu ku štúdiu pre týchto študentov, podpora projektom Equal. Skúsenosti a názory študentov a spätná väzba. 
610 2 0 |a štúdium dištančné 
610 2 0 |a študenti 
610 2 0 |a projekty 
610 2 0 |a štúdium vysokoškolské 
100 1 |a Habiballa, Hashim 
700 1 |a Habiballa, Lucie 
700 1 |a Telnarová, Zdenka